Project management : (Record no. 136)

000 -LEADER
fixed length control field 01237cam a22003374a 4500
003 - CONTROL NUMBER IDENTIFIER
control field OSt
005 - DATE AND TIME OF LATEST TRANSACTION
control field 20210603134100.0
008 - FIXED-LENGTH DATA ELEMENTS--GENERAL INFORMATION
fixed length control field 040930s2006 maua b 001 0 eng
020 ## - INTERNATIONAL STANDARD BOOK NUMBER
International Standard Book Number 0072978635 (alk. paper)
040 ## - CATALOGING SOURCE
Transcribing agency DLC
042 ## - AUTHENTICATION CODE
Authentication code pcc
050 00 - LIBRARY OF CONGRESS CALL NUMBER
Classification number HD69.P75
Item number G72 2006
100 1# - MAIN ENTRY--PERSONAL NAME
Personal name Gray, Clifford F.
245 10 - TITLE STATEMENT
Title Project management :
Remainder of title the managerial process /
Statement of responsibility, etc. Clifford F. Gray, Erik W. Larson.
250 ## - EDITION STATEMENT
Edition statement 3rd ed.
260 ## - PUBLICATION, DISTRIBUTION, ETC.
Place of publication, distribution, etc. Boston :
Name of publisher, distributor, etc. McGraw-Hill/Irwin,
Date of publication, distribution, etc. c2006.
300 ## - PHYSICAL DESCRIPTION
Extent xviii, 574 p. :
Other physical details ill. ;
Dimensions 27 cm. +
-- 2 CD-ROMs (4 3/4 in.)
440 #4 - SERIES STATEMENT/ADDED ENTRY--TITLE
Title The McGraw-Hill/Irwin series Operations and decision sciences
500 ## - GENERAL NOTE
General note Includes the student disc for this book and a trial version of Microsoft Project Professional 2003.
504 ## - BIBLIOGRAPHY, ETC. NOTE
Bibliography, etc. note Includes bibliographical references and index.
650 #0 - SUBJECT ADDED ENTRY--TOPICAL TERM
Topical term or geographic name entry element Project management.
650 #0 - SUBJECT ADDED ENTRY--TOPICAL TERM
Topical term or geographic name entry element Time management.
650 #0 - SUBJECT ADDED ENTRY--TOPICAL TERM
Topical term or geographic name entry element Risk management.
700 1# - ADDED ENTRY--PERSONAL NAME
Personal name Larson, Erik W.,
Dates associated with a name 1952-
906 ## - LOCAL DATA ELEMENT F, LDF (RLIN)
a 7
b cbc
c orignew
d 1
e ocip
f 20
g y-gencatlg
942 ## - ADDED ENTRY ELEMENTS (KOHA)
Source of classification or shelving scheme
Koha item type Book
Suppress in OPAC JO
Holdings
Withdrawn status Lost status Source of classification or shelving scheme Damaged status Not for loan Permanent Location Current Location Shelving location Date acquired Total Checkouts Full call number Barcode Date last seen Price effective from Koha item type Public note
          AU LIBRARY AU LIBRARY Open Shelf 03.06.2021   HD69 .G72 2006 28000170 03.06.2021 03.06.2021 Book JO

Powered by Koha